Normal view
MARC view
Entry Personal Name
001 - CONTROL NUMBER
- control field: 83164
003 - CONTROL NUMBER IDENTIFIER
- control field: dpl
005 - DATE AND TIME OF LATEST TRANSACTION
- control field: 20250723111930.0
008 - FIXED-LENGTH DATA ELEMENTS
- fixed length control field: 250723|| aca||aabn | a|a d
040 ## - CATALOGING SOURCE
- Original cataloging agency: dpl
- Transcribing agency: dpl
100 ## - HEADING--PERSONAL NAME
- Personal name: गाँधी, प्रेमचंद
670 ## - SOURCE DATA FOUND
- Source citation: Work cat.: (dpl)212480: विश्व की प्रेम कहानियां/, 2018
